Mechanical properties of sulphur prevulcanised and gamma radiation vulcanised natural rubber and carboxylated styrene butadiene rubber latices and their blends (Record no. 62732)

MARC details
000 -LEADER
fixed length control field 01953nam a2200217Ia 4500
100 ## - MAIN ENTRY--AUTHOR NAME
Personal name Ranimol Stephen
245 #0 - TITLE STATEMENT
Title Mechanical properties of sulphur prevulcanised and gamma radiation vulcanised natural rubber and carboxylated styrene butadiene rubber latices and their blends
260 ## - PUBLICATION, DISTRIBUTION, ETC. (IMPRINT)
Name of publisher Journal of Rubber Research
Year of publication 2006
300 ## - PHYSICAL DESCRIPTION
Number of Pages 78-95
520 ## - SUMMARY, ETC.
Summary, etc Blends of natural rubber and carboxylated styrene butadiene rubber latex with varying blend ratio were prepared. The blends were vulcanised by different techniques which include sulpur prevulcanisation, and gamma radiation vulcanisation. Morphology of the blends was investigated from scanning electron micrographs. Mechanical properties such as tensile strength, tear strength, elongation at break and modulus were studied with reference to blend ratio and vulcanisation techniques. The crosslink density of the blends and individual components were determined from the swelling and stress-strain measurements. The sulphur prevulcanisation of latices was carried out at 70 degree C for 2 h. The radiation vulcanisation of various systems was carried out using n-butyl acrylate as sensitiser at a dose of 15 kGy/h. The swell ratio of the samples was calculated. The radiation vulcanised systems showed comparable properties as that of sulphur prevulcanised systems. However, the modulus of radiation vulcanised latex films was lower than prevulcanised samples. The gamma radiation vulcanised latices are eco-friendly due to the absence of curing agents. Applicability of various theoretical models were investigated to predict the modulus of the blends.
650 ## - SUBJECT ADDED ENTRY--TOPICAL TERM
Topical Term Carboxylated SBR
650 ## - SUBJECT ADDED ENTRY--TOPICAL TERM
Topical Term Latex blends
650 ## - SUBJECT ADDED ENTRY--TOPICAL TERM
Topical Term Mechanical properties
650 ## - SUBJECT ADDED ENTRY--TOPICAL TERM
Topical Term Radiation vulcanisation
650 ## - SUBJECT ADDED ENTRY--TOPICAL TERM
Topical Term Radiation vulcanised
650 ## - SUBJECT ADDED ENTRY--TOPICAL TERM
Topical Term Sulphur prevulcanised
700 ## - ADDED ENTRY--PERSONAL NAME
Personal name Joseph Kuruvilla
700 ## - ADDED ENTRY--PERSONAL NAME
Personal name Thomas Sabu
942 ## - ADDED ENTRY ELEMENTS (KOHA)
Koha item type Journals
Holdings
Withdrawn status Lost status Damaged status Not for loan Home library Current library Shelving location Date acquired Serial Enumeration / chronology Koha item type
      Journals RRII Library RRII Library Rubber chemistry 01/01/2021 Volume 9, Issue 2 Journals